Normal view
MARC view
Entry Geographic Name
001 - CONTROL NUMBER
- control field: 46429
003 - CONTROL NUMBER IDENTIFIER
- control field: ARRUPE
005 - DATE AND TIME OF LATEST TRANSACTION
- control field: 20190521113003.0
008 - FIXED-LENGTH DATA ELEMENTS
- fixed length control field: 190521|| aca||aabn | a|a d
040 ## - CATALOGING SOURCE
- Original cataloging agency: ARRUPE
- Transcribing agency: ARRUPE
151 ## - HEADING--GEOGRAPHIC NAME
- Geographic name: Zimbabwe
- General subdivision: Languages
- General subdivision: Political aspects.
670 ## - SOURCE DATA FOUND
- Source citation: Work cat.: (ARRUPE)0: Ndhlovu, Finex, 1970- 46425, The politics of language and nation building in Zimbabwe /, c2009.